| 000 | 00567nam a22001817a 4500 | ||
|---|---|---|---|
| 003 | 0 | ||
| 005 | 20241114130931.0 | ||
| 008 | 241114b xxu||||| |||| 00| 0 eng d | ||
| 020 | _a9798891612242 | ||
| 050 |
_aQA 371 _b.C53 2024 |
||
| 100 |
_aChandler, Jabari, _eauthor. |
||
| 245 |
_aDifferential equations and applications / _cJabari Chandler. |
||
| 260 |
_aJersey City, USA : _bAlexis Press, _c2024. |
||
| 300 |
_aviii, 292 p. : _bill. ; _c24 cm. |
||
| 504 | _aIncludes bibliographical references and index. | ||
| 650 | _aDifferential equations. | ||
| 942 |
_2lcc _cBK |
||
| 999 |
_c366712 _d366712 |
||